Proportionally Populous Countries Quiz Stats

 Plays Quiz Updated Dec 12, 2018

Support Sporcle.
Go Orange.
Score 0/300 Timer 02:00
3 Plays Today
Country % Correct
China
99.2%
China
99.2%
China
99.2%
China
99.2%
China
99.2%
China
99.2%
China
99.2%
China
99.2%
China
99.2%
China
99.2%
China
99.2%
China
99.2%
China
99.2%
China
99.2%
China
99.2%
China
99.2%
China
99.2%
China
99.2%
China
99.2%
China
99.2%
China
99.2%
China
99.2%
China
99.2%
China
99.2%
China
99.2%
China
99.2%
China
99.2%
China
99.2%
China
99.2%
China
99.2%
China
99.2%
China
99.2%
China
99.2%
China
99.2%
China
99.2%
China
99.2%
China
99.2%
China
99.2%
China
99.2%
China
99.2%
China
99.2%
China
99.2%
China
99.2%
China
99.2%
China
99.2%
China
99.2%
China
99.2%
China
99.2%
China
99.2%
China
99.2%
China
99.2%
China
99.2%
China
99.2%
China
99.2%
China
99.2%
China
99.2%
China
99.2%
China
99.2%
China
99.2%
China
99.2%
China
99.2%
United States
98.6%
United States
98.6%
United States
98.6%
United States
98.6%
United States
98.6%
United States
98.6%
United States
98.6%
United States
98.6%
United States
98.6%
United States
98.6%
United States
98.6%
United States
98.6%
United States
98.6%
United States
98.6%
India
97.5%
India
97.5%
India
97.5%
India
97.5%
India
97.5%
India
97.5%
India
97.5%
India
97.5%
India
97.5%
India
97.5%
India
97.5%
India
97.5%
India
97.5%
India
97.5%
India
97.5%
India
97.5%
India
97.5%
India
97.5%
India
97.5%
India
97.5%
India
97.5%
India
97.5%
India
97.5%
India
97.5%
India
97.5%
Country % Correct
India
97.5%
India
97.5%
India
97.5%
India
97.5%
India
97.5%
India
97.5%
India
97.5%
India
97.5%
India
97.5%
India
97.5%
India
97.5%
India
97.5%
India
97.5%
India
97.5%
India
97.5%
India
97.5%
India
97.5%
India
97.5%
India
97.5%
India
97.5%
India
97.5%
India
97.5%
India
97.5%
India
97.5%
India
97.5%
India
97.5%
India
97.5%
India
97.5%
India
97.5%
India
97.5%
India
97.5%
Brazil
92.8%
Brazil
92.8%
Brazil
92.8%
Brazil
92.8%
Brazil
92.8%
Brazil
92.8%
Brazil
92.8%
Brazil
92.8%
Brazil
92.8%
Russia
91.6%
Russia
91.6%
Russia
91.6%
Russia
91.6%
Russia
91.6%
Russia
91.6%
Germany
89.3%
Germany
89.3%
Germany
89.3%
Germany
89.3%
France
88.4%
France
88.4%
France
88.4%
United Kingdom
87.4%
United Kingdom
87.4%
United Kingdom
87.4%
Mexico
86.6%
Mexico
86.6%
Mexico
86.6%
Mexico
86.6%
Mexico
86.6%
Japan
84.3%
Japan
84.3%
Japan
84.3%
Japan
84.3%
Japan
84.3%
Japan
84.3%
Indonesia
80.7%
Indonesia
80.7%
Indonesia
80.7%
Indonesia
80.7%
Indonesia
80.7%
Indonesia
80.7%
Indonesia
80.7%
Indonesia
80.7%
Indonesia
80.7%
Indonesia
80.7%
Indonesia
80.7%
Pakistan
74.5%
Pakistan
74.5%
Pakistan
74.5%
Pakistan
74.5%
Pakistan
74.5%
Pakistan
74.5%
Pakistan
74.5%
Pakistan
74.5%
Spain
72.2%
Spain
72.2%
Argentina
71.8%
Argentina
71.8%
Italy
70.6%
Italy
70.6%
Italy
70.6%
Egypt
69.2%
Egypt
69.2%
Egypt
69.2%
Egypt
69.2%
Canada
68.7%
Canada
68.7%
South Africa
66.9%
Country % Correct
South Africa
66.9%
Niger
66.1%
Nigeria
65.8%
Nigeria
65.8%
Nigeria
65.8%
Nigeria
65.8%
Nigeria
65.8%
Nigeria
65.8%
Nigeria
65.8%
Iran
64%
Iran
64%
Iran
64%
Bangladesh
61.7%
Bangladesh
61.7%
Bangladesh
61.7%
Bangladesh
61.7%
Bangladesh
61.7%
Bangladesh
61.7%
Bangladesh
61.7%
Australia
57.1%
South Korea
56.1%
South Korea
56.1%
Turkey
54.5%
Turkey
54.5%
Turkey
54.5%
Vietnam
54%
Vietnam
54%
Vietnam
54%
Vietnam
54%
Thailand
51.3%
Thailand
51.3%
Thailand
51.3%
Philippines
49.1%
Philippines
49.1%
Philippines
49.1%
Philippines
49.1%
Iraq
49.1%
Iraq
49.1%
Colombia
45.3%
Colombia
45.3%
Ethiopia
44.3%
Ethiopia
44.3%
Ethiopia
44.3%
Ethiopia
44.3%
Democratic Republic of the Congo
43.9%
Democratic Republic of the Congo
43.9%
Democratic Republic of the Congo
43.9%
Poland
43.6%
Poland
43.6%
Ukraine
41.9%
Ukraine
41.9%
Chile
41.2%
Peru
39.9%
Malaysia
39.7%
Saudi Arabia
38.2%
Kenya
33.6%
Kenya
33.6%
Algeria
33.4%
Algeria
33.4%
Sudan
32.5%
Venezuela
31.6%
Afghanistan
30.9%
Myanmar
30.1%
Myanmar
30.1%
Myanmar
30.1%
North Korea
26.4%
Greece
26.3%
Morocco
22.1%
Tanzania
21.1%
Tanzania
21.1%
Taiwan
20.6%
Cambodia
19.7%
Chad
18.1%
Bolivia
17.4%
Kazakhstan
16.9%
Nepal
16.3%
Somalia
16.3%
Cuba
15.6%
Ghana
14.7%
Netherlands
14.6%
Ecuador
14.5%
Sri Lanka
14.1%
Uganda
14.1%
Romania
13.6%
Mali
13.5%
Syria
12.2%
Angola
12.1%
Yemen
10.4%
Cameroon
8.9%
Mozambique
8.5%
Guatemala
8.1%
Uzbekistan
7.9%
Zimbabwe
7.8%
Zambia
7%
Senegal
6.9%
Madagascar
6.8%
Cote d'Ivoire
6.4%
Malawi
5%
Guinea
4.8%
Burkina Faso
3.5%

From the Vault

Sports Teams by Cake

by minshkins

Sports 6m
Time to eat your favorite teams.
Remove Ads.
Support Sporcle.
Get the best of Sporcle when you Go Orange. This ad-free experience offers more features, more stats, and more fun while also helping to support Sporcle. Thank you for becoming a member.

Show Comments

Extras

Top Quizzes Today


Score Distribution

Your Account Isn't Verified!

In order to create a playlist on Sporcle, you need to verify the email address you used during registration. Go to your Sporcle Settings to finish the process.

Report this User

Report this user for behavior that violates our Community Guidelines.

Details: